Pariyal aru atmiyata/ (Record no. 11464)

MARC details
000 -LEADER
fixed length control field 00544nam a22002057a 4500
005 - DATE AND TIME OF LATEST TRANSACTION
control field 20230120130800.0
008 - FIXED-LENGTH DATA ELEMENTS--GENERAL INFORMATION
fixed length control field 230120b ||||| |||| 00| 0 eng d
020 ## - INTERNATIONAL STANDARD BOOK NUMBER
International Standard Book Number 9789385439711
040 ## - CATALOGING SOURCE
Original cataloging agency IN-DiNC
Transcribing agency IN-DiNC
041 ## - LANGUAGE CODE
Language code of sung or spoken text Assamese
082 ## - DEWEY DECIMAL CLASSIFICATION NUMBER
Classification number 306.8
Item number BOR
100 ## - MAIN ENTRY--PERSONAL NAME
Personal name Bora, Rajen
Relator term Author
245 ## - TITLE STATEMENT
Title Pariyal aru atmiyata/
Statement of responsibility, etc. by Rajen Bora and Akhil Bora
250 ## - EDITION STATEMENT
Edition statement 2nd rev. ed.
260 ## - PUBLICATION, DISTRIBUTION, ETC.
Place of publication, distribution, etc. Jorhat:
Name of publisher, distributor, etc. Bidya bhawan,
Date of publication, distribution, etc. 2022.
300 ## - PHYSICAL DESCRIPTION
Extent 206p.
650 ## - SUBJECT ADDED ENTRY--TOPICAL TERM
Topical term or geographic name entry element Family and intimacy
700 ## - ADDED ENTRY--PERSONAL NAME
Personal name Bora, Akhil
Relator term Author
942 ## - ADDED ENTRY ELEMENTS (KOHA)
Source of classification or shelving scheme Dewey Decimal Classification
Koha item type Books
Holdings
Withdrawn status Lost status Source of classification or shelving scheme Damaged status Not for loan Collection code Home library Current library Shelving location Date acquired Cost, normal purchase price Total Checkouts Full call number Barcode Date last seen Date last checked out Copy number Price effective from Koha item type
    Dewey Decimal Classification     Sociology Central Library, Naharkatiya College Central Library, Naharkatiya College General Stacks 20/01/2023 220.00 9 306.8 BOR 29155 16/05/2023 27/04/2023 1 20/01/2023 Books
    Dewey Decimal Classification     Sociology Central Library, Naharkatiya College Central Library, Naharkatiya College General Stacks 20/01/2023 220.00 9 306.8 BOR 29156 16/05/2023 29/04/2023 2 20/01/2023 Books
    Dewey Decimal Classification     Sociology Central Library, Naharkatiya College Central Library, Naharkatiya College General Stacks 20/01/2023 220.00 9 306.8 BOR 29157 16/05/2023 29/04/2023 3 20/01/2023 Books
    Dewey Decimal Classification     Sociology Central Library, Naharkatiya College Central Library, Naharkatiya College General Stacks 20/01/2023 220.00 9 306.8 BOR 29158 19/06/2023 19/06/2023 4 20/01/2023 Books
    Dewey Decimal Classification     Sociology Central Library, Naharkatiya College Central Library, Naharkatiya College General Stacks 20/01/2023 220.00 10 306.8 BOR 29159 10/09/2025 28/08/2025 5 20/01/2023 Books

Naharkatiya College © 2020. All rights reserved.

Powered By